00317nam a2200133Ia 4500008004100000041000800041082001600049100001300065245001800078260005100096300001200147365000700159650001700166210719s1996 xx 000 0 und d aeng a255.53 JESU aJESUITS; aJesuits 1995. aRomebGeneral Curia the Society of Jesusc1996 a127bPB cRs aChristianity